| 000 | 00825nam a2200253 i 4500 | ||
|---|---|---|---|
| 001 | bg | ||
| 245 | 0 | 0 |
_aRachunkowość i plan kont dla spółek kapitałowych : _bpo zmianie ustawy o rachunkowośći i kodeksu spółek handlowych : praca zbiorowa / _cpod red. Ewy Jakubczyk-Cały. |
| 260 |
_aWarszawa : _bCentrum Doradztwa i Informacji Difin, _c2001. |
||
| 300 |
_a599, [1] s. ; _c24 cm. |
||
| 490 | 1 | _aVademecum Rachunkowości | |
| 504 | _aBibliogr. | ||
| 650 | 9 |
_aSpółki kapitałowe _xrachunkowość |
|
| 650 | 9 | _aKonto | |
| 655 | _aPodręczniki | ||
| 700 | 1 |
_aJAKUBCZYK-, CAŁY _bEwa |
|
| 830 | _aVademecum Rachunkowości | ||
| 020 | _a8372512108 | ||
| 040 | _cBPK | ||
| 041 | 0 | _apol | |
| 080 | _a657:658.114.3](07) | ||
| 920 | _a83-7251-210-8 | ||
| 942 | _cKS | ||
| 008 | s pl f |000 0 pol | ||
| 999 |
_c53618 _d53618 |
||
| 856 |
_uhttp://koha.tu.koszalin.pl/cgi-bin/koha/opac-detail.pl?biblionumber=53618 _yKatalog online BPK |
||